000 01092nam a22002537a 4500
005 20170123164155.0
010 _aB-067186
020 _c180.00
035 _aB-067186
037 _aCen Lib / Ret
040 _aDPL
_bPN
082 _a851.08
_bਗੁਰਮੋ
100 _aਗੁਰਮੋਹਿੰਦਰ ਸਿੰਘ
_944829
245 _aਤਾਰਾ ਸਿੰਘ ਦੀ ਕਵਿਤਾ ਦਾ ਵਿਕਾਸ /
_cਗੁਰਮੋਹਿੰਦਰ ਸਿੰਘ
246 _aTara Singh di kavita da vikas /
_bby Gurmohinder Singh
260 _aਦਿੱਲੀ
_bਸਿਲਾਲੇਖ ਬੁਕਸ
_c2002
270 _a25/114, ਗਲੀ ਨੰ. 6 ਮਾਲਵੀਰ ਬਲਾਕ, ਟੋਲਾਨਾਥ ਨਗਰ, ਸ਼ਾਹਦਰਾ
_bਦਿੱਲੀ
_e110032
300 _a172p.
_c19cm(Hb)
650 _aਪੰਜਾਬੀ ਸਾਹਿਤ-ਕਵਿਤਾਵਾਂ
_9780
650 _aਪੰਜਾਬੀ ਸਾਹਿਤ
_9134043
650 _aPunjabi Literature-Poems
_9782
650 _aPunjabi Literature
_9134044
942 _2ddc
_cPN
_h851.08
_mਗੁਰਮੋ
999 _c110652
_d110652